[Event "British Rapidplay"]
[Site "Peterborough"]
[Date "2025.03.01"]
[Round "4.30"]
[White "Sagues, Vincent"]
[Black "Mihalik, Agoston"]
[Result "0-1"]
[WhiteElo "1936"]
[BlackElo "2140"]
[PlyCount "166"]
[EventDate "2025.03.01"]
[EventType "swiss (rapid)"]
[EventRounds "11"]
[EventCountry "ENG"]
[SourceTitle "BritBase"]
[Source "John Saunders"]
[SourceDate "2025.03.03"]
[SourceVersion "1"]
[SourceVersionDate "2025.03.03"]
[SourceQuality "2"]

1. e4 c5 2. Nf3 e6 3. d4 cxd4 4. Nxd4 a6 5. Bd3 Bc5 6. Nb3 Be7 7. O-O d6 8. c4 Nf6 9. Nc3 O-O 10. Be3 Nbd7 11. f4 b6 12. Kh1 Bb7 13. Qe2 Qc7 14. Rae1 g6 15. Bd4 Nc5 16. Nxc5 bxc5 17. Bf2 Rfe8 18. e5 Nh5 19. Qg4 Rad8 20. Be4 d5 21. cxd5 exd5 22. Bb1 Ng7 23. Bh4 Bc8 24. f5 Kh8 25. Bxe7 Qxe7 26. Qf3 Nxf5 27. Bxf5 Bxf5 28. Nxd5 Qb7 29. Nf6 Qxf3 30. gxf3 Re7 31. f4 Kg7 32. Rd1 Rb8 33. Rd2 Be6 34. a3 Reb7 35. Rff2 c4 36. h4 Rb3 37. Kg2 h5 38. Ne4 R8b5 39. Nc3 Rb7 40. Ne4 R7b5 41. Nc3 Rb8 42. Ne4 R3b5 43. Nc3 R5b7 44. Ne4 Rc7 45. Nc3 Bf5 46. Nd5 Rd7 47. Ne3 Be4+ 48. Kg3 Rc7 49. f5 Bd3 50. fxg6 fxg6 51. Nd5 Rc5 52. Nf6 Rd8 53. e6 Re5 54. Nd7 Rxe6 55. Nc5 Re3+ 56. Rf3 Rxf3+ 57. Kxf3 Rf8+ 58. Ke3 Re8+ 59. Kf2 Bf5 60. Re2 Rf8 61. Kg3 Rf6 62. Re7+ Kh6 63. Ra7 Bg4 64. Ne4 Rf3+ 65. Kg2 Rh3 66. Ng5 Rxh4 67. Nf7+ Kg7 68. Ne5+ Kf6 69. Nxc4 Be6 70. Ne3 Re4 71. Kf2 g5 72. Rxa6 g4 73. Ra5 h4 74. Rh5 Rf4+ 75. Kg2 h3+ 76. Kg1 Rf3 77. Nd5+ Kg6 78. Re5 Bf7 79. Ne7+ Kf6 80. Re1 g3 81. Nc6 Rf2 82. Nd4 h2+ 83. Kh1 Bd5+ 0-1

[Event "British Rapidplay"]
[Site "Peterborough"]
[Date "2025.03.01"]
[Round "4.31"]
[White "Kothari, Jai"]
[Black "Taylor, Robert Keith"]
[Result "1-0"]
[WhiteElo "2035"]
[BlackElo "1896"]
[PlyCount "57"]
[EventDate "2025.03.01"]
[EventType "swiss (rapid)"]
[EventRounds "11"]
[EventCountry "ENG"]
[SourceTitle "BritBase"]
[Source "John Saunders"]
[SourceDate "2025.03.03"]
[SourceVersion "1"]
[SourceVersionDate "2025.03.03"]
[SourceQuality "2"]

1. e4 c5 2. Nc3 Nf6 3. e5 Ng8 4. Nf3 Nc6 5. Bc4 e6 6. O-O a6 7. a4 d5 8. exd6 Nf6 9. d4 Nxd4 10. Nxd4 cxd4 11. Qxd4 Bxd6 12. Rd1 Be7 13. Qf4 Qb6 14. a5 Qc6 15. Bb3 O-O 16. Ba4 Qc5 17. Be3 Qxa5 18. Bb3 Qb4 19. Rd4 Qc5 20. Rdd1 Qb4 21. Qc7 Ne8 22. Qg3 Qh4 23. Qf3 Qf6 24. Qe2 b5 25. Nxb5 Bb7 26. Nc3 Bd6 27. Ra4 Be5 28. Bc5 Qh6 29. Qxe5 1-0

[Event "British Rapidplay"]
[Site "Peterborough"]
[Date "2025.03.01"]
[Round "4.32"]
[White "Bramson, Mike"]
[Black "Davis, Colin J"]
[Result "0-1"]
[WhiteElo "1895"]
[BlackElo "1987"]
[PlyCount "68"]
[EventDate "2025.03.01"]
[EventType "swiss (rapid)"]
[EventRounds "11"]
[EventCountry "ENG"]
[SourceTitle "BritBase"]
[Source "John Saunders"]
[SourceDate "2025.03.03"]
[SourceVersion "1"]
[SourceVersionDate "2025.03.03"]
[SourceQuality "2"]

1. e4 d6 2. d4 Nf6 3. Nc3 g6 4. f3 a6 5. Be3 b5 6. a3 Bg7 7. Bd3 Nbd7 8. Qd2 c5 9. Nh3 Qc7 10. Nf4 Bb7 11. O-O cxd4 12. Bxd4 e5 13. Nfd5 Nxd5 14. Nxd5 Bxd5 15. exd5 exd4 16. Rae1+ Kf8 17. f4 Bf6 18. f5 g5 19. Re6 Kg7 20. Re4 Rae8 21. Rg4 Re3 22. c3 Ne5 23. Rxd4 Rxd3 24. Rxd3 Nxd3 25. Qxd3 Qc5+ 26. Kh1 Re8 27. Qd1 Qc4 28. Rf3 Qe2 29. Qg1 Qxb2 30. h4 g4 31. Rd3 Bxc3 32. f6+ Bxf6 33. h5 Re5 34. Qf1 Rxh5+ 0-1

[Event "British Rapidplay"]
[Site "Peterborough"]
[Date "2025.03.01"]
[Round "4.33"]
[White "Kennedy, Aden"]
[Black "Brett, Andrew R"]
[Result "1-0"]
[WhiteElo "1913"]
[BlackElo "2060"]
[PlyCount "77"]
[EventDate "2025.03.01"]
[EventType "swiss (rapid)"]
[EventRounds "11"]
[EventCountry "ENG"]
[SourceTitle "BritBase"]
[Source "John Saunders"]
[SourceDate "2025.03.03"]
[SourceVersion "1"]
[SourceVersionDate "2025.03.03"]
[SourceQuality "2"]

1. e4 c6 2. d4 d5 3. exd5 cxd5 4. Bf4 Nc6 5. c3 Nf6 6. Nf3 Bg4 7. Bd3 e6 8. Nbd2 Bd6 9. Bxd6 Qxd6 10. O-O O-O 11. Qc2 Rac8 12. a3 a6 13. h3 Bh5 14. Rfe1 Bg6 15. Ne5 Bxd3 16. Qxd3 Nd7 17. f4 f6 18. Nxc6 Rxc6 19. Qe3 Nb6 20. Re2 Nc4 21. Nxc4 dxc4 22. Rae1 Qd5 23. Qe4 Rb6 24. Qxd5 exd5 25. a4 g6 26. Re7 Rf7 27. Re8+ Kg7 28. R1e2 Rd6 29. Kf2 Rdd7 30. R2e6 h5 31. g4 hxg4 32. hxg4 Rc7 33. a5 Rcd7 34. Kf3 Kh7 35. Ke2 Kg7 36. Kd2 Kh6 37. Re2 Rh7 38. Rg8 Rdg7 39. Rh2# 1-0

[Event "British Rapidplay"]
[Site "Peterborough"]
[Date "2025.03.01"]
[Round "4.34"]
[White "Sivanandan, Bodhana"]
[Black "Keerthi Kumar, Advait"]
[Result "1-0"]
[WhiteElo "2073"]
[BlackElo "1823"]
[PlyCount "93"]
[EventDate "2025.03.01"]
[EventType "swiss (rapid)"]
[EventRounds "11"]
[EventCountry "ENG"]
[SourceTitle "BritBase"]
[Source "John Saunders"]
[SourceDate "2025.03.03"]
[SourceVersion "1"]
[SourceVersionDate "2025.03.03"]
[SourceQuality "2"]

1. e4 c5 2. Nf3 Nf6 3. e5 Nd5 4. Nc3 e6 5. Bc4 Nb6 6. Be2 d5 7. exd6 Bxd6 8. O-O O-O 9. d4 cxd4 10. Qxd4 Nc6 11. Qd1 a6 12. Be3 Bc7 13. Qxd8 Rxd8 14. Rad1 Nd5 15. Nxd5 exd5 16. Rd2 Be6 17. Rfd1 f6 18. c3 Bf7 19. Nd4 Ne5 20. Nf5 Nc4 21. Bxc4 dxc4 22. Ne7+ Kh8 23. Kf1 Rxd2 24. Rxd2 Rd8 25. Rxd8+ Bxd8 26. Nf5 Bc7 27. h3 g6 28. Nd4 Kg7 29. Ke2 Kf8 30. f3 Ke7 31. Kd2 Kd7 32. Ne2 Be5 33. Bd4 Ke6 34. Bxe5 Kxe5 35. Ke3 f5 36. f4+ Kd5 37. Nd4 Kc5 38. g4 fxg4 39. hxg4 b5 40. Ke4 a5 41. f5 gxf5+ 42. gxf5 b4 43. Ke5 a4 44. a3 bxc3 45. bxc3 h5 46. Ne6+ Kc6 47. Nd8+ 1-0

[Event "British Rapidplay"]
[Site "Peterborough"]
[Date "2025.03.01"]
[Round "4.35"]
[White "Pilley, Jack"]
[Black "Middleton, Thomas"]
[Result "1-0"]
[WhiteElo "1975"]
[BlackElo "1976"]
[PlyCount "91"]
[EventDate "2025.03.01"]
[EventType "swiss (rapid)"]
[EventRounds "11"]
[EventCountry "ENG"]
[SourceTitle "BritBase"]
[Source "John Saunders"]
[SourceDate "2025.03.03"]
[SourceVersion "1"]
[SourceVersionDate "2025.03.03"]
[SourceQuality "2"]

1. e4 e5 2. Nc3 Nf6 3. f4 d5 4. fxe5 Nxe4 5. Qf3 Nxc3 6. bxc3 c5 7. Bb5+ Nc6 8. Ne2 Be7 9. O-O Be6 10. d4 Qb6 11. Rb1 a6 12. Bxc6+ Qxc6 13. Be3 O-O 14. Nf4 b5 15. Rf2 f6 16. Nxe6 Qxe6 17. Qf5 Qxf5 18. Rxf5 g6 19. Rf3 fxe5 20. dxe5 Rxf3 21. gxf3 Kf7 22. f4 Ke6 23. Kf2 Rf8 24. Kg3 Rg8 25. h4 Rf8 26. a4 Rb8 27. axb5 Rxb5 28. Ra1 a5 29. h5 Bd8 30. hxg6 hxg6 31. Kg4 Rb2 32. Bxc5 Rxc2 33. Bd4 Rg2+ 34. Kf3 Rb2 35. Rh1 Be7 36. Ra1 Bd8 37. Ra3 Rb1 38. Kg4 Rb5 39. Ra2 Rb1 40. Rh2 Be7 41. Rh6 Kf7 42. Rh7+ Ke8 43. f5 gxf5+ 44. Kxf5 Rf1+ 45. Ke6 a4 46. Rxe7+ 1-0

[Event "British Rapidplay"]
[Site "Peterborough"]
[Date "2025.03.01"]
[Round "4.36"]
[White "Fairhurst, Frederick"]
[Black "Bin-Suhayl, Ieysaa"]
[Result "0-1"]
[WhiteElo "1798"]
[BlackElo "2219"]
[PlyCount "78"]
[EventDate "2025.03.01"]
[EventType "swiss (rapid)"]
[EventRounds "11"]
[EventCountry "ENG"]
[SourceTitle "BritBase"]
[Source "John Saunders"]
[SourceDate "2025.03.03"]
[SourceVersion "1"]
[SourceVersionDate "2025.03.03"]
[SourceQuality "2"]

1. e4 c6 2. Bc4 d5 3. Bb3 e6 4. exd5 exd5 5. d4 Nf6 6. Bf4 Bd6 7. Bxd6 Qxd6 8. Nf3 O-O 9. O-O Bf5 10. Nbd2 Nbd7 11. c3 Rae8 12. a4 Bd3 13. Re1 Rxe1+ 14. Nxe1 Bg6 15. Bc2 Re8 16. Bxg6 hxg6 17. Nd3 Ne4 18. Nxe4 dxe4 19. Qe2 a5 20. Re1 Re6 21. Nc1 Qd5 22. Qc2 c5 23. Qb3 c4 24. Qc2 f5 25. Ne2 Rb6 26. Nf4 Qd6 27. Nh3 Nf6 28. Ng5 Qf4 29. Nh3 Qg4 30. Qd2 Nd5 31. Rb1 f4 32. Re1 f3 33. Qg5 Qxg5 34. Nxg5 Rxb2 35. gxf3 Nxc3 36. fxe4 Ne2+ 37. Kg2 c3 38. Kf1 c2 39. Kxe2 c1=Q+ 0-1

[Event "British Rapidplay"]
[Site "Peterborough"]
[Date "2025.03.01"]
[Round "4.37"]
[White "Nezis, Anastasios"]
[Black "Lishoy Gengis Paratazham, Dildarav"]
[Result "1/2-1/2"]
[WhiteElo "1891"]
[BlackElo "2071"]
[PlyCount "127"]
[EventDate "2025.03.01"]
[EventType "swiss (rapid)"]
[EventRounds "11"]
[EventCountry "ENG"]
[SourceTitle "BritBase"]
[Source "John Saunders"]
[SourceDate "2025.03.03"]
[SourceVersion "1"]
[SourceVersionDate "2025.03.03"]
[SourceQuality "2"]

1. Nf3 Nf6 2. c4 c5 3. Nc3 Nc6 4. d4 cxd4 5. Nxd4 e6 6. e4 d6 7. Be3 Be7 8. Be2 O-O 9. O-O Bd7 10. Qd2 Nxd4 11. Bxd4 Bc6 12. f3 d5 13. cxd5 exd5 14. e5 Nd7 15. f4 Bc5 16. Bg4 Bxd4+ 17. Qxd4 Qb6 18. Qxb6 Nxb6 19. b3 Rad8 20. Bf3 Rfe8 21. Rfe1 f6 22. exf6 gxf6 23. Rxe8+ Rxe8 24. Ne2 Re3 25. Rd1 Kf7 26. Kf2 Re7 27. Nd4 Rc7 28. Bg4 Re7 29. Re1 Rxe1 30. Kxe1 Ke7 31. Kd2 Be8 32. Nf5+ Kd8 33. Kc3 Bd7 34. Kd4 Kc7 35. Ne3 Bc6 36. Bf3 Kd6 37. g4 Bd7 38. h4 Be6 39. f5 Bf7 40. g5 fxg5 41. hxg5 a6 42. Ng2 Nc8 43. Nf4 Ne7 44. Nh5 Nxf5+ 45. Kd3 Bxh5 46. Bxh5 Ke5 47. g6 hxg6 48. Bxg6 Nd6 49. Bh5 Ne4 50. Bg6 Nc5+ 51. Kc3 a5 52. a3 b6 53. b4 axb4+ 54. Kxb4 Kd6 55. Kb5 Kc7 56. a4 Nb3 57. Bf7 Nd4+ 58. Ka6 Nc6 59. Kb5 d4 60. Bg6 Ne5 61. Be4 d3 62. Bxd3 Nxd3 63. a5 bxa5 64. Kxa5 1/2-1/2

[Event "British Rapidplay"]
[Site "Peterborough"]
[Date "2025.03.01"]
[Round "4.38"]
[White "Fava, Lorenzo"]
[Black "Lee, Yuk Hei"]
[Result "1-0"]
[WhiteElo "2306"]
[BlackElo "1877"]
[PlyCount "101"]
[EventDate "2025.03.01"]
[EventType "swiss (rapid)"]
[EventRounds "11"]
[EventCountry "ENG"]
[SourceTitle "BritBase"]
[Source "John Saunders"]
[SourceDate "2025.03.03"]
[SourceVersion "1"]
[SourceVersionDate "2025.03.03"]
[SourceQuality "2"]

1. b3 d5 2. Bb2 Bf5 3. Nf3 e6 4. d3 Nf6 5. Nbd2 c5 6. g3 Be7 7. Bg2 Nc6 8. O-O O-O 9. Re1 Bg6 10. e4 a6 11. e5 Nd7 12. Qe2 Qc7 13. h4 b5 14. Ng5 h6 15. Nh3 Rac8 16. Nf4 Bh7 17. Nf3 c4 18. dxc4 bxc4 19. Nd4 Nxd4 20. Bxd4 Bc5 21. Bxc5 Qxc5 22. Rad1 Nb6 23. Bh3 Rfe8 24. g4 Qe7 25. Qe3 Nd7 26. Qg3 Bxc2 27. Rc1 cxb3 28. axb3 Be4 29. Rxc8 Rxc8 30. g5 hxg5 31. hxg5 g6 32. f3 Rc3 33. Bg2 Nxe5 34. Nh5 Nd7 35. Nf6+ Nxf6 36. gxf6 Qc5+ 37. Kh1 Bf5 38. Qb8+ Qc8 39. Qf4 Qd8 40. Qd4 Rd3 41. Qh4 Rc3 42. Ra1 Rc6 43. f4 Be4 44. Rg1 Bf5 45. Bh3 Bxh3 46. Rxg6+ fxg6 47. f7+ Kxf7 48. Qxd8 Rc2 49. Qd7+ Kf6 50. Qd6 Bf5 51. Qf8# 1-0

[Event "British Rapidplay"]
[Site "Peterborough"]
[Date "2025.03.01"]
[Round "4.39"]
[White "Davies, Peter L"]
[Black "Lalic, Susan Kathryn"]
[Result "1/2-1/2"]
[WhiteElo "1895"]
[BlackElo "2227"]
[PlyCount "127"]
[EventDate "2025.03.01"]
[EventType "swiss (rapid)"]
[EventRounds "11"]
[EventCountry "ENG"]
[SourceTitle "BritBase"]
[Source "John Saunders"]
[SourceDate "2025.03.03"]
[SourceVersion "1"]
[SourceVersionDate "2025.03.03"]
[SourceQuality "2"]

1. d4 e6 2. c4 Bb4+ 3. Nd2 Nf6 4. g3 d5 5. Bg2 O-O 6. Ngf3 dxc4 7. O-O c3 8. Nc4 cxb2 9. Bxb2 Nbd7 10. Qb3 a5 11. a3 Be7 12. Rad1 a4 13. Qc2 Ra6 14. e4 b5 15. Nce5 Bb7 16. Nxd7 Nxd7 17. d5 exd5 18. exd5 Bf6 19. Nd4 Rb6 20. Nc6 Qa8 21. Bd4 Bxd4 22. Rxd4 Bxc6 23. dxc6 Nf6 24. Rfd1 Rbb8 25. g4 h6 26. h4 Kh8 27. g5 Ng8 28. Qc3 Rbd8 29. Rd7 Qb8 30. R1d4 Rde8 31. Qd2 Re5 32. Rd8 Rxd8 33. Rxd8 Qb6 34. gxh6 Qc5 35. Qf4 Re1+ 36. Kh2 Qe5 37. hxg7+ Kxg7 38. Qxe5+ Rxe5 39. Rd7 Re7 40. Rd5 Re2 41. Rxb5 Ra2 42. Rg5+ Kf8 43. Rg3 Rxf2 44. Rg4 f5 45. Rxa4 Nf6 46. Kg1 Ra2 47. Rf4 Rxa3 48. Rxf5 Kg7 49. Rg5+ Kh6 50. Rb5 Ng4 51. Rf5 Ra1+ 52. Rf1 Rxf1+ 53. Bxf1 Kh5 54. Bg2 Kxh4 55. Kf1 Ne3+ 56. Kf2 Nxg2 57. Kxg2 Kg4 58. Kf2 Kf4 59. Ke2 Ke4 60. Kd2 Kd4 61. Kc2 Kc5 62. Kc3 Kxc6 63. Kc4 Kb6 64. Kb4 1/2-1/2

[Event "British Rapidplay"]
[Site "Peterborough"]
[Date "2025.03.01"]
[Round "4.40"]
[White "Patel, Keatan"]
[Black "Surtees, Michael J"]
[Result "0-1"]
[WhiteElo "1985"]
[BlackElo "2099"]
[PlyCount "154"]
[EventDate "2025.03.01"]
[EventType "swiss (rapid)"]
[EventRounds "11"]
[EventCountry "ENG"]
[SourceTitle "BritBase"]
[Source "John Saunders"]
[SourceDate "2025.03.03"]
[SourceVersion "1"]
[SourceVersionDate "2025.03.03"]
[SourceQuality "2"]

1. e4 c6 2. d4 d5 3. exd5 cxd5 4. Bd3 Nc6 5. c3 Qc7 6. h3 e6 7. Nf3 Bd6 8. O-O Nge7 9. Re1 Bd7 10. Qe2 a6 11. a4 Ng6 12. b4 O-O 13. Nbd2 Nf4 14. Qf1 Nxd3 15. Qxd3 Rac8 16. Bb2 Ne7 17. Ne5 Bxe5 18. dxe5 Ng6 19. Qg3 f6 20. Nf3 Qc4 21. h4 Qf4 22. h5 Qxg3 23. fxg3 Ne7 24. Nd4 fxe5 25. Rxe5 Nc6 26. Nxc6 Rxc6 27. b5 axb5 28. axb5 Rb6 29. c4 h6 30. cxd5 Rxb5 31. dxe6 Rxe5 32. Bxe5 Bxe6 33. Rc1 Rf5 34. Re1 Bd5 35. Bb2 Rxh5 36. Re7 Rg5 37. Kf2 Bc6 38. Rc7 Kh7 39. Bd4 h5 40. Be3 Rg6 41. Re7 h4 42. Bf4 hxg3+ 43. Bxg3 Rg4 44. Re3 Kg6 45. Rd3 Kf5 46. Rc3 Ke6 47. Rc2 Kd5 48. Rd2+ Kc4 49. Re2 Be4 50. Ra2 b5 51. Rb2 b4 52. Re2 b3 53. Rb2 Bc2 54. Be5 g6 55. g3 Re4 56. Bg7 Kd3 57. Kf3 Re7 58. Bh8 Kd2 59. Kf4 Kc1 60. Kg5 Re3 61. Kf4 Re8 62. Bg7 Ra8 63. Ke3 Ra2 64. Rxa2 bxa2 65. Ba1 Bf5 66. Ke2 Kb1 67. Kd2 Kxa1 68. Kc1 g5 69. g4 Bxg4 70. Kc2 Bf5+ 71. Kc1 g4 72. Kd2 Kb2 73. Ke2 a1=Q 74. Kf2 Qa3 75. Kg2 Qf3+ 76. Kg1 Be4 77. Kh2 Qg2# 0-1

[Event "British Rapidplay"]
[Site "Peterborough"]
[Date "2025.03.01"]
[Round "4.41"]
[White "Rughani, Mahin"]
[Black "Ganti, Shriaansh"]
[Result "1-0"]
[WhiteElo "1907"]
[BlackElo "1980"]
[PlyCount "105"]
[EventDate "2025.03.01"]
[EventType "swiss (rapid)"]
[EventRounds "11"]
[EventCountry "ENG"]
[SourceTitle "BritBase"]
[Source "John Saunders"]
[SourceDate "2025.03.03"]
[SourceVersion "1"]
[SourceVersionDate "2025.03.03"]
[SourceQuality "2"]

1. d4 Nf6 2. c4 b6 3. Nf3 Bb7 4. g3 g6 5. Bg2 Bg7 6. O-O O-O 7. Nc3 e6 8. Qc2 d5 9. Rd1 Nbd7 10. b3 Qe7 11. Bb2 c5 12. Qd3 Rfd8 13. Rac1 cxd4 14. Nxd4 Nc5 15. Qb1 e5 16. Nf3 d4 17. Nb5 a6 18. Na3 Ne8 19. Qa1 Rac8 20. Ne1 Bxg2 21. Nxg2 a5 22. Nb1 d3 23. Nc3 dxe2 24. Nxe2 Nd3 25. Rb1 Qc5 26. Ne3 Bh6 27. Ng4 Bg7 28. Nc3 f5 29. Ne3 f4 30. Ne4 Qc6 31. Nd5 Rxd5 32. cxd5 Qxd5 33. Nc3 Qf3 34. Rxd3 Qxd3 35. Rd1 Qf3 36. Qb1 e4 37. Nd5 Bf8 38. Nxf4 Bc5 39. Bd4 Bxd4 40. Rxd4 e3 41. Nd3 Ng7 42. Rf4 exf2+ 43. Nxf2 Qe2 44. Qd3 Qxa2 45. Qd7 Rc1+ 46. Kg2 h5 47. Qd8+ Kh7 48. Rf8 Ne6 49. Qe7+ Ng7 50. Qd8 Ne6 51. Rf7+ Kh6 52. Qh8+ Kg5 53. h4# 1-0

[Event "British Rapidplay"]
[Site "Peterborough"]
[Date "2025.03.01"]
[Round "4.42"]
[White "Manley, Jonathan P"]
[Black "Fearnhead, Benjamin"]
[Result "1-0"]
[WhiteElo "2090"]
[BlackElo "1881"]
[PlyCount "75"]
[EventDate "2025.03.01"]
[EventType "swiss (rapid)"]
[EventRounds "11"]
[EventCountry "ENG"]
[SourceTitle "BritBase"]
[Source "John Saunders"]
[SourceDate "2025.03.03"]
[SourceVersion "1"]
[SourceVersionDate "2025.03.03"]
[SourceQuality "2"]

1. e4 e5 2. Nf3 Nf6 3. Nc3 Nc6 4. Bb5 Bd6 5. d3 Nd4 6. Bc4 c6 7. Nxd4 exd4 8. Ne2 O-O 9. Bb3 Re8 10. h3 Bc7 11. O-O a5 12. a4 d5 13. exd5 Nxd5 14. Nxd4 Qd6 15. Nf3 Bd7 16. d4 Re6 17. c4 Rf6 18. Ne5 Nf4 19. c5 Qe7 20. Re1 Ne6 21. Ng4 Rg6 22. Bc2 Rxg4 23. Qxg4 Qf6 24. Qf5 Qxf5 25. Bxf5 Rd8 26. Be3 b6 27. Rad1 bxc5 28. dxc5 Be5 29. b3 Bc3 30. Re2 Bb4 31. Rc2 Kf8 32. Bxe6 fxe6 33. Rd6 Ke8 34. Rc1 h6 35. Rcd1 Bc3 36. Bd4 Bxd4 37. R1xd4 Ke7 38. f4 1-0

[Event "British Rapidplay"]
[Site "Peterborough"]
[Date "2025.03.01"]
[Round "4.43"]
[White "Ward, Andrew"]
[Black "George, Matthew P"]
[Result "0-1"]
[WhiteElo "1894"]
[BlackElo "1999"]
[PlyCount "78"]
[EventDate "2025.03.01"]
[EventType "swiss (rapid)"]
[EventRounds "11"]
[EventCountry "ENG"]
[SourceTitle "BritBase"]
[Source "John Saunders"]
[SourceDate "2025.03.03"]
[SourceVersion "1"]
[SourceVersionDate "2025.03.03"]
[SourceQuality "2"]

1. c4 f5 2. Nc3 g6 3. g3 Bg7 4. Bg2 d6 5. d3 Nh6 6. e4 O-O 7. Nge2 c6 8. O-O Nf7 9. Be3 Nd7 10. exf5 gxf5 11. Nf4 Nf6 12. h3 e5 13. Nh5 Nxh5 14. Qxh5 Qf6 15. f4 Qg6 16. Qxg6 hxg6 17. Rac1 Bd7 18. b4 a6 19. a4 Rfe8 20. Bd2 Bf6 21. b5 axb5 22. axb5 Kg7 23. Ra1 exf4 24. gxf4 Rxa1 25. Rxa1 cxb5 26. Bxb7 b4 27. Rc1 bxc3 28. Bxc3 Re3 29. Bxf6+ Kxf6 30. d4 Rxh3 31. c5 dxc5 32. dxc5 Rh8 33. Rd1 Bc8 34. Bf3 Rd8 35. Rb1 Be6 36. Rb6 Ke7 37. Rb7+ Kf6 38. Rb6 Rc8 39. Bd5 Nd8 0-1

[Event "British Rapidplay"]
[Site "Peterborough"]
[Date "2025.03.01"]
[Round "4.44"]
[White "Hughes, Roy"]
[Black "Reghu, Jyothika U"]
[Result "1-0"]
[WhiteElo "2004"]
[BlackElo "1767"]
[PlyCount "129"]
[EventDate "2025.03.01"]
[EventType "swiss (rapid)"]
[EventRounds "11"]
[EventCountry "ENG"]
[SourceTitle "BritBase"]
[Source "John Saunders"]
[SourceDate "2025.03.03"]
[SourceVersion "1"]
[SourceVersionDate "2025.03.03"]
[SourceQuality "2"]

1. d4 Nf6 2. Bf4 e6 3. e3 c5 4. c3 d5 5. Nd2 Nc6 6. Ngf3 Be7 7. h3 h6 8. Bd3 b6 9. O-O O-O 10. Re1 Bb7 11. a4 Bd6 12. Ne5 a5 13. Qe2 Qc7 14. Ndf3 Ne4 15. Rac1 Ne7 16. Bb5 f6 17. Nd3 Ng6 18. Bxd6 Qxd6 19. Nd2 Ng5 20. f4 Ne4 21. Nxe4 dxe4 22. Nf2 Ne7 23. Red1 f5 24. g4 Rad8 25. Nh1 Nd5 26. Bc4 Bc6 27. Bxd5 Qxd5 28. Ng3 Bxa4 29. Re1 Bb3 30. h4 Bc4 31. Qd1 Bb3 32. Qe2 Qc4 33. gxf5 exf5 34. Qg2 Qf7 35. Kh2 cxd4 36. cxd4 Rc8 37. Qd2 Rc4 38. Rxc4 Qxc4 39. Rc1 Qd3 40. Qf2 Bc4 41. Rc3 Qd1 42. Rxc4 b5 43. Rc7 Qg4 44. h5 b4 45. Qe2 Qh4+ 46. Kg2 Kh8 47. Rc5 Qd8 48. Qb5 Qb8 49. Qxa5 Rc8 50. Nxf5 Rxc5 51. Qxc5 Qe8 52. Ng3 Qa4 53. Qf8+ Kh7 54. Nf5 Qd7 55. Qxg7+ Qxg7+ 56. Nxg7 Kxg7 57. Kf2 Kf6 58. Ke2 Kf5 59. Kd2 Kg4 60. d5 Kf5 61. Kc2 Kg4 62. d6 Kf3 63. d7 Kxe3 64. d8=Q Kxf4 65. Qf6+ 1-0

[Event "British Rapidplay"]
[Site "Peterborough"]
[Date "2025.03.01"]
[Round "4.45"]
[White "Middleton, Ben"]
[Black "McLachlan, Matthew"]
[Result "0-1"]
[WhiteElo "1611"]
[BlackElo "1927"]
[PlyCount "54"]
[EventDate "2025.03.01"]
[EventType "swiss (rapid)"]
[EventRounds "11"]
[EventCountry "ENG"]
[SourceTitle "BritBase"]
[Source "John Saunders"]
[SourceDate "2025.03.03"]
[SourceVersion "1"]
[SourceVersionDate "2025.03.03"]
[SourceQuality "2"]

1. c4 e5 2. Nc3 Nf6 3. g3 c6 4. Bg2 Bb4 5. Nf3 e4 6. Ng5 Bxc3 7. bxc3 d5 8. cxd5 cxd5 9. O-O O-O 10. d4 Nc6 11. f3 h6 12. Nh3 Bf5 13. Qb3 b6 14. g4 exf3 15. exf3 Bd3 16. Rf2 Rc8 17. Bb2 Na5 18. Qb4 Nc4 19. Nf4 Bh7 20. Re1 Qc7 21. Bc1 a5 22. Qb3 Qd7 23. Rfe2 Rfe8 24. Bh3 g5 25. Nd3 Bxd3 26. Rxe8+ Rxe8 27. Rd1 Be2 0-1

[Event "British Rapidplay"]
[Site "Peterborough"]
[Date "2025.03.01"]
[Round "4.46"]
[White "Andal, Edmond"]
[Black "Burton, Sean"]
[Result "1-0"]
[WhiteElo "2011"]
[BlackElo "1806"]
[PlyCount "129"]
[EventDate "2025.03.01"]
[EventType "swiss (rapid)"]
[EventRounds "11"]
[EventCountry "ENG"]
[SourceTitle "BritBase"]
[Source "John Saunders"]
[SourceDate "2025.03.03"]
[SourceVersion "1"]
[SourceVersionDate "2025.03.03"]
[SourceQuality "2"]

1. Nf3 f5 2. d3 Nf6 3. Bg5 e6 4. e4 fxe4 5. dxe4 Be7 6. Nc3 O-O 7. Bd3 Nc6 8. a3 b6 9. Qe2 Bb7 10. O-O-O Ng4 11. h4 Nge5 12. Bxe7 Qxe7 13. Nxe5 Nxe5 14. f3 a6 15. Qe3 b5 16. Be2 Rab8 17. f4 Nc4 18. Bxc4 bxc4 19. g3 Bc6 20. Qd4 Rb6 21. Rde1 Rfb8 22. Nd1 Ba4 23. Re3 Qf6 24. e5 Qf5 25. Qxc4 Bc6 26. Rh2 Bd5 27. Qxc7 R6b7 28. Qc5 Rb6 29. Qd4 Rc6 30. Nc3 Rc4 31. Nxd5 Rxd4 32. Ne7+ Kf7 33. Nxf5 exf5 34. b3 Rc8 35. Rd2 Rxd2 36. Kxd2 Ke6 37. Rd3 Rc5 38. Rd6+ Ke7 39. Rxa6 Rd5+ 40. Ke2 Rd4 41. Ra5 Re4+ 42. Kf2 Rd4 43. Rc5 Rd2+ 44. Ke3 Rg2 45. Kf3 Rd2 46. a4 Rd1 47. a5 Rf1+ 48. Ke2 Ra1 49. b4 Rg1 50. Rc3 Kd8 51. b5 Ra1 52. a6 Rb1 53. Rb3 Ra1 54. c4 Kc7 55. c5 Ra2+ 56. Kd3 Rg2 57. Kc4 Rc2+ 58. Kb4 Rc1 59. b6+ Kb8 60. Rd3 Rb1+ 61. Kc4 Kc8 62. Kd5 Ra1 63. a7 Kb7 64. Kd6 Rc1 65. Ra3 1-0

[Event "British Rapidplay"]
[Site "Peterborough"]
[Date "2025.03.01"]
[Round "4.48"]
[White "Alizada, Eldar"]
[Black "Mordyl, Monika"]
[Result "1-0"]
[WhiteElo "1997"]
[BlackElo "1649"]
[PlyCount "61"]
[EventDate "2025.03.01"]
[EventType "swiss (rapid)"]
[EventRounds "11"]
[EventCountry "ENG"]
[SourceTitle "BritBase"]
[Source "John Saunders"]
[SourceDate "2025.03.03"]
[SourceVersion "1"]
[SourceVersionDate "2025.03.03"]
[SourceQuality "2"]

1. d4 e6 2. c4 c5 3. d5 exd5 4. cxd5 Nf6 5. Nc3 Qa5 6. Bd2 c4 7. e4 b5 8. e5 b4 9. exf6 bxc3 10. Qe2+ Kd8 11. Bxc3 Bb4 12. Qe7+ Kc7 13. Qxb4 Re8+ 14. Qe7 Rxe7+ 15. fxe7 Qxd5 16. e8=Q Ba6 17. Qe5+ Qd6 18. Qxd6+ Kxd6 19. O-O-O+ Kc7 20. Be2 Bb7 21. Bf3 Nc6 22. Ne2 f6 23. Nd4 Nxd4 24. Rxd4 Bxf3 25. gxf3 Re8 26. Rxc4+ Kb6 27. Re1 Rd8 28. Bd4+ Kb5 29. b3 d5 30. Rc5+ Kb4 31. Kb2 1-0